| 000 | 00788nam a2200229 a 4500 | ||
|---|---|---|---|
| 005 | 20210219160110.0 | ||
| 008 | 080731s1988 mx r 000 0 spa d | ||
| 035 | _aUPN01000158635 | ||
| 049 | _aUNE | ||
| 080 | _a304 (540) =20 NAR No.12. | ||
| 100 | 1 | _aNarain, Iqbal | |
| 245 | 1 | 0 |
_aIndia in the year 2000 A.D. / _cIqbal Narain, Surendra K. Gupta. |
| 260 |
_aParís : _bUNESCO, _c1988. |
||
| 300 |
_a262 p. : _bil. |
||
| 440 | 0 |
_aStudies and Documents. _pMajor programme I. _pReflection on Wor- |
|
| 690 | _aDesarrollo económico y social - India | ||
| 690 | _aInvestigación en ciencias sociales - India | ||
| 690 | _aIndia - Desarrollo económico y social | ||
| 700 | 1 |
_a.Gupta, Surendra K., _ecoaut. |
|
| 710 | 2 |
_aUNESCO. _bBureau of Studies and Programming |
|
| 905 | _aUNESCO | ||
| 999 |
_c130749 _d130749 |
||